| 000 | 00347nam a2200133 i 4500 | ||
|---|---|---|---|
| 001 | bg | ||
| 100 | 1 |
_aALEXANDER, L. G. _d(1932- ). |
|
| 245 | 0 |
_aNew concept English. _nVol. 2, _pPractice and Progress / _cL.G. Alexander. |
|
| 260 |
_aWarszawa, _c1976. |
||
| 040 | _cBPK | ||
| 041 | _apol | ||
| 942 | _cKS | ||
| 008 | s pl f |000 0 pol | ||
| 999 |
_c10054 _d10054 |
||
| 856 |
_uhttp://koha.tu.koszalin.pl/cgi-bin/koha/opac-detail.pl?biblionumber=10054 _yKatalog online BPK |
||